00705cam3a220020500 4500001001200000003000500012005001700017008004100034035002000075035002200095040000900117100003000126245009200156260004900248650006500297710005100362949006000413004000700473999001900480tmp15472604UPRA20190830105350.0950823s1960 ii eng u a(Sirsi) r112748 a(UPRA)tmp15472604 cUPRA1 aGhose, Madhuri.6A74270.114aThe Indian Evidence Act :b[Act no. 1 of 1872] with explanatory notes and commentaries. aCalcutta :bLegal Miscellany Office,c[1960] 0aEvidence (Law) -- India.zEvidence (Law) -- India.6S55441.11 aIndia. Laws, etc.tIndia. Laws, etc.6A30152.3 aKF2916wlcci33729001716930mMAINp2500tBOOKlON-SHELF112748 c186719d186719